Materie, metalli e sostanze (con foto) - modo casuale - Statistics

Statistiche generali
  • Questo quiz è stato fatto 43 volte
  • Il punteggio medio è 9 su 20
Statistiche sulle risposte
con Immagini Risposta % Corretto
acciaio
100%
gesso
100%
granito
100%
seta
100%
velluto
100%
vetro
100%
rubino
89%
calcare
88%
cartone
86%
anidride carbonica
83%
cotone
83%
carbone
80%
lavagna
80%
piuma
80%
azoto
75%
colla
75%
inchiostro
75%
marmo
75%
smalto
75%
segatura
71%
argento
67%
argilla
67%
asfalto
67%
avorio
67%
caffeina
67%
gesso
67%
mattone
67%
quarzo
67%
vernice
67%
porcellana
63%
amido
60%
ceramica
60%
latta
60%
microfibra
60%
spago
56%
acido cloridrico
50%
ambra
50%
calcestruzzo
50%
carta vetrata
50%
cemento
50%
fango
50%
fosforo
50%
giada
50%
idrogeno
50%
lattosio
50%
piombo
50%
rame
50%
cenere
43%
feltro
43%
lamiera
43%
cuoio
40%
ottone
40%
pelle scamosciata
40%
terracotta
40%
cera
38%
onice
38%
acciaio inox
33%
brace
33%
canapa
33%
catrame
33%
fibra
33%
gomma
33%
piastrella
33%
salgemma
33%
topazio
33%
zolfo
30%
alabastro
29%
chinino
29%
ghiaia
29%
ossigeno
29%
poliestere
29%
ardesia
25%
bambagia
25%
bicarbonato di sodio
25%
caucciù
25%
malta
25%
pece
25%
pietrisco
25%
torba
25%
cartone ondulato
22%
basalto
20%
ghisa
20%
intonaco
20%
stucco
20%
tegola
20%
carbonio
17%
cellulosa
17%
laterizio
17%
ovatta
17%
felpa
14%
cippato
11%
cristallo
11%
selce
11%
fibra di vetro
9%
alpacca
0%
amianto
0%
antracite
0%
bitume
0%
carta da parati
0%
filo di nylon
0%
graniglia
0%
lino
0%
melma
0%
sampietrino
0%
siero del latte
0%
tizzone
0%
Nessun quiz corrispondente trovato
Distribuzione punteggi
Percentuale di utenti per punteggio
Percentile per numero di risposta
I tuoi punteggi nel tempo
Non hai fatto questo quiz